| 000 | 00888cam a22002655a 4500 | ||
|---|---|---|---|
| 001 | 016603795 | ||
| 003 | OSt | ||
| 005 | 20201128021515.0 | ||
| 008 | 140107s2014 nyua frb 001 0 eng d | ||
| 020 | _a9781606497746 (pbk.) | ||
| 040 |
_aStDuBDS _beng _cStDuBDS _dEG-ScBUE |
||
| 082 | 0 | 4 |
_a658.16 _222 _bSOO |
| 100 | 1 |
_aSoofi, Abdol S. _938681 |
|
| 245 | 1 | 0 |
_aGlobal mergers and acquisitions : _bcombining companies across borders / _cAbdol Soofi and Yuqin Zhang. |
| 260 |
_aNew York : _bBusiness Expert Press, _c2014. |
||
| 300 |
_axiv, 228 p. : _bill. ; _c24 cm. |
||
| 500 | _aIndex : p. 221-228. | ||
| 504 | _aBibliography : p. 211-220. | ||
| 650 | 7 |
_aInternational business enterprises. _2BUEsh _91592 |
|
| 651 | _2BUEsh | ||
| 653 |
_bBUSADM _cAugust2015 _cNovember2015 |
||
| 650 | 7 |
_936487 _aConsolidation and merger of corporations _2BUEsh |
|
| 700 | 1 | _aZhang, Yuqin | |
| 942 | _2ddc | ||
| 999 |
_c20583 _d20555 |
||